| 000 | 01040cam a22003135a 4500 | ||
|---|---|---|---|
| 001 | 3090 | ||
| 005 | 20240205131520.0 | ||
| 020 | _a9780439686174 | ||
| 040 |
_aUWB _cUWB _dLEO _dDLC _beng |
||
| 050 | 0 | 0 |
_aPZ7.W65535 _b 2003 |
| 082 | 0 | 0 | _a813.6 |
| 100 | 1 | _aWillems, Mo | |
| 245 | 1 | 0 |
_aDon't let the pigeon drive the bus! / _cwords and pictures by Mo Willems. |
| 246 | 3 | _aDo not let the pigeon drive the bus! | |
| 250 | _aFirst Scholastic printing, September 2004 | ||
| 260 |
_aNew York : _bScholastic _c2003 |
||
| 300 |
_a32 unnumbered pages : _bcolor illustrations ; _c24 cm. |
||
| 490 | _a The Pigeon | ||
| 500 | _aCol. ill. on lining papers. | ||
| 505 | _aE | ||
| 520 | _aWhen a bus driver takes a break from his route, a very unlikely volunteer springs up to take his place. | ||
| 521 |
_a280
_bLexile |
||
| 521 |
_aE
_bRaz-Plus |
||
| 650 | 1 |
_aPigeons _vFiction. |
|
| 650 | 1 |
_aBus drivers _vFiction. |
|
| 650 | 1 | _aHumorous stories. | |
| 906 |
_a7 _bcbc _ccopycat _d2 _encip _f20 _gy-gencatlg |
||
| 942 |
_2ddc _cBK _n0 |
||
| 999 |
_c3090 _d3090 |
||